Biggest Cities in Germany • A-Z - Statistics

General Stats
  • This quiz has been taken 617 times
    467 since last reset
  • The average score is 16 of 25
Answer Stats
# ~Pop. German city % Correct
B 3,520,000 Berlin
100%
H 1,787,000 Hamburg
98%
C 1,060,000 Cologne
97%
M 1,450,000 Munich
97%
D 612,000 Dusseldorf
96%
F 733,000 Frankfurt am Main
96%
E 582,000 Essen
92%
N 510,000 Nuremberg
90%
S 624,000 Stuttgart
88%
L 560,000 Leipzig
87%
A 286,000 Augsburg
67%
J 110,000 Jena
62%
W 350,000 Wuppertal
62%
U 123,000 Ulm
61%
K 308,000 Karlsruhe
60%
P 168,000 Potsdam
59%
I 132,000 Ingolstadt
54%
R 206,000 Rostock
51%
G 260,000 Gelsenkirchen
48%
T 115,000 Trier
37%
O 211,000 Oberhausen
36%
Z 91.123 Zwickau
35%
X 21.510 Xanten
34%
Q 25 055 Quedlinburg
21%
V 84.674 Villingen- Schwenningen
21%
No matching quizzes found
Score Distribution
Percent of People with Each Score
Percentile by Number Answered
Your Score History
You have not taken this quiz since the last reset